00256nam a2200109Ia 4500008004100000082001600041100001700057245002500074260003000099300000900129650000800138191201s2010 xx 000 0 und d a658.15bSHM aSHREE, Deepa 0aManagerial Economics aN. DelhibAne Booksc2010 aMISC aBBA